Production and Operations Management <A> Problem-Solving and Decision-Making Approach
Na minha lista:
| Autor principal: | |
|---|---|
| Formato: | Livro |
| Idioma: | inglês |
| Publicado em: |
Chicago
Dryden Press
1987
|
| Edição: | 3. ed. |
| Assuntos: | |
| Tags: |
Sem tags, seja o primeiro a adicionar uma tag!
|
MARC
| LEADER | 00000nam a2200000 4500 | ||
|---|---|---|---|
| 001 | c004858 | ||
| 005 | 20221221074726.9 | ||
| 020 | |a 0-03-009294-9 | ||
| 041 | 0 | |a eng | |
| 044 | |a US | ||
| 245 | 1 | 0 | |a Production and Operations Management |b <A> Problem-Solving and Decision-Making Approach |c Norman Gaither |
| 250 | |a 3. ed. | ||
| 264 | 1 | |a Chicago |b Dryden Press |c 1987 | |
| 300 | |a 884 s. | ||
| 610 | 2 | 0 | |a výroba |
| 610 | 2 | 0 | |a manažment |
| 610 | 2 | 0 | |a plánovanie výroby |
| 610 | 2 | 0 | |a výrobky |
| 610 | 2 | 0 | |a rozhodovanie |
| 610 | 2 | 0 | |a kontrola výroby |
| 610 | 2 | 0 | |a kontrola kvality |
| 610 | 2 | 0 | |a dopyt |
| 100 | 1 | |a Gaither, Norman | |